000 01568nam a2200253Ia 4500
003 Ost
005 20260507075332.0
008 260507s9999||||xx |||||||||||||| ||und||
020 _a27541199579
040 _cfsecg
041 _aara
082 _a330
100 _aعريقات، حربي محمد
_eمؤلف
245 0 _aالتأمين و إدارة الخطر :
_bالنظرية و التطبيق /
_c حربي محمد عريقات
250 _aطبعة 2
260 _aعمان:
_bدار وائل,
_c2010
300 _a506 صفحة؛
_bإيضاحات ؛
_c25 سم
520 _aالخطر ، مفاهيم التأمين و وظائفه الاركان و المبادئ القانونية لعقد التامين ، أنواع التامينات العامة ( الممتلكات و المسؤولية المدنية ) ، التأمين البحري ، تامين السيارات ، اعادة التأمين ، التامين الاسلامي ، أقساط التأمين و الاحتياطات ، التسويق التأميني ، الضمان الاجتماعي ، التأمين الصحي و التأمين على الحياة ، الشروط الاساسية لبوليصة التأمين على الحياة ، أنواع التأمينات على الحياة ، تطور و هيكل سوق التأمين في الاردن
653 _aالتأمين - البنوك
653 _aالتأمين- الأردن
653 _aالتأمين- المخاطر
700 _aعقل، سعيد جمعة
_eمؤلف ثانوي
942 _cكتاب
999 _c44017
_d44017